000 01518nam a2200277 a 4500
001 82542
003 BD-RjUL
005 20231226120331.0
008 231226s1980 ii ||||| |||| 00| 0 ben d
035 _a(BD-RjUL) 82542
040 _aBD-RjUL
_beng
_cBD-RjUL
041 _aben
082 _223
_a891.4408
_bSAH 1980
100 _aশাস্ত্রী, হরপ্রসাদ
_910701
245 _aহরপ্রসাদ শাস্ত্রী রচনা-সংগ্রহ /
_cহরপ্রসাদ শাস্ত্রী ; সম্পাদনা সত্যজিৎ চৌধুরী , নিখিলেশ্বর সেনগুপ্ত , দেবপ্রসাদ ভট্টাচার্য , সুমিত্রা ভট্টাচার্য
260 _aকলিকাতা :
_bপশ্চিমবঙ্গ রাজ্য পুস্তক পর্ষৎ,
_c১৯৮০
300 _aখণ্ড;
_c২২ সেমি.
505 0 1 _aখণ্ড. ১ম --
650 _aবাংলা সাহিত্য
_xসংগৃহীত রচনাসমূহ
_97825
650 _aBengali Literature
_xCollected Works
_93190
700 _aচৌধুরী, সত্যজিৎ
_910702
700 _aসেনগুপ্ত , নিখিলেশ্বর
_910703
700 _aভট্টাচার্য , দেবপ্রসাদ
_910704
700 _aভট্টাচার্য, সুমিত্রা
_910705
942 _2ddc
_cBK
999 _c82542
_d82542